000 01058nam a22002537a 4500
005 20080708144749.0
006 a|||||r|||||00| p
008 080708t xxu||||| |||| 00| f hin d
010 _aHIN-83791
020 _c200.00
_a8188622028
035 _aHN-56137
037 _bDBAD / PUB
040 _aDPL
_bHN
082 _a
100 _aधनखड, राजबीर सिंह
245 _aचाह चौधर की /
_cराजबीर सिंह धनखड़
246 _aChah chaudhar kee
_bby Rajbeer singh Dhankhad
260 _aदिल्ली
_bपीयूष प्रकाशन
_c2006
270 _aए-140, गली नं.3, कबीर नगर
_bदिल्ली
_e110094
300 _a144पृ
_c22सेमी(सजिल्द)
650 _aHindi Novels
942 _2ddc
_cHN
_h
_mधनख
999 _c14326
_d14326